O professor de educacao fisica e a construcao do saber (Record no. 166489)

MARC details
000 -LÍDER
campo de controle de tamanho fixo 00377 a2200145 4500
001 - NÚMERO DE CONTROLE
campo de controle 166489
020 ## - ISBN - INTERNATIONAL STANDARD BOOK NUMBER
ISBN - International Standard Book Number
040 ## - FONTE DA CATALOGAÇÃO
Instituição que transcreveu o registro Magnum
100 ## - ENTRADA PRINCIPAL--NOME PESSOAL
Nome pessoal Borges, Cecilia Maria Ferreira
240 10 - TÍTULO UNIFORME
Título uniforme O professor de educacao fisica e a construcao do saber
Idioma da obra por
245 10 - TÍTULO
Título O professor de educacao fisica e a construcao do saber
362 0# - DATAS DE PUBLICAÇÃO E/OU DESIGNAÇÃO SEQUENCIAL
Datas de publicação e/ou designação sequencial 1899
697 ## - ENTRADA DE ASSUNTO LOCAL--ENTIDADE COLETIVA (RLIN)
Nome corporativo ou nome da jurisdição PEDAGOGIA
942 ## - ELEMENTOS DE ENTRADA ADICIONADOS (KOHA)
Tipo de material Koha Livros
Holdings
Situação do descarte Situação das perdas Situação física Não pode ser emprestado Biblioteca de origem Biblioteca atual Data de aquisição Total de empréstimos Número de chamada completo Código de barras Data de último acesso Data do preço efetivo Tipo de material Koha
        Magnum Magnum 08/06/2024   LI.05405 MAG00010817 08/06/2024 08/06/2024 Livros